ယခင်နှင့်ယခု(ယောဂီ၏ဘဝဂါထာ) / (Record no. 41033)

000 -LEADER
fixed length control field 00761nam a22001937a 4500
005 - DATE AND TIME OF LATEST TRANSACTION
control field 20241112111523.0
008 - FIXED-LENGTH DATA ELEMENTS--GENERAL INFORMATION
fixed length control field 240903b ||||| |||| 00| 0 eng d
040 ## - CATALOGING SOURCE
Transcribing agency SSBUL
041 ## - LANGUAGE CODE
Language code of text/sound track or separate title Myanmar
082 ## - DEWEY DECIMAL CLASSIFICATION NUMBER
Edition number 23
Classification number ၂၉၄.၃၄၄၃၅ ပါ
Item number ၉၂၄၂ S-SAT
100 0# - MAIN ENTRY--PERSONAL NAME
Personal name ပါရဂူ
245 1# - TITLE STATEMENT
Title ယခင်နှင့်ယခု(ယောဂီ၏ဘဝဂါထာ) /
Statement of responsibility, etc. ပါရဂူ။
250 ## - EDITION STATEMENT
Edition statement တတိယအကြိမ်။
260 ## - PUBLICATION, DISTRIBUTION, ETC.
Place of publication, distribution, etc. ရန်ကုန် ၊
Name of publisher, distributor, etc. နှင်းဦးလွင်စာပေ၊
Date of publication, distribution, etc. ၂၀၀၄။
300 ## - PHYSICAL DESCRIPTION
Extent ၁၁၆ စာမျက်နှာ ၊
Dimensions ၁၇ စင်တီ။
500 ## - GENERAL NOTE
General note S-SAT: Dr. Sai Aung Tun
650 ## - SUBJECT ADDED ENTRY--TOPICAL TERM
Topical term or geographic name entry element ကမ္မဋ္ဌာန်း
942 ## - ADDED ENTRY ELEMENTS (KOHA)
Source of classification or shelving scheme
Koha item type Book (Short term)
Holdings
Withdrawn status Lost status Source of classification or shelving scheme Damaged status Not for loan Collection code Permanent Location Current Location Shelving location Date acquired Total Checkouts Full call number Barcode Date last seen Price effective from Koha item type Accession
          Special Collections Shan State Buddhist University Library Shan State Buddhist University Library Special Collection Shelves 12/11/2024   ၂၉၄.၃၄၄၃၅ ပါ ၉၂၄၂ S-SAT MB00009242 12/11/2024 12/11/2024 Book (Short term) ၉၂၄၂ S-SAT

Library - 09407999929
Admin Office - 09407999979
Dean Office - 09250910768
Registrar Office - 09892297154
Email - [email protected]
Shan State Buddhist University, Phaya Phyu Taunggyi, Shan State, Myanmar.